VfB Stuttgart Kader 2024/2025 - Statistiken

Allgemein
  • Dieses Quiz wurde 412 mal gespielt
    313 seit der letzten Aktualisierung
  • Das Durchschnittsergebnis liegt bei 22 aus 31
Antwortstatistiken
Nation Position Nummer Spieler % Korrekt
Deutschland Torhüter 33 Alexander Nübel
100%
Deutschland/ Türkei Stürmer 26 Deniz Undav
93%
Deutschland/Frankreich Abwehr 24 Jeff Chabot
93%
Deutschland Abwehr 7 Maximilian Mittelstädt
92%
Deutschland Mitttelfeld 6 Angelo Stiller
91%
Bosnien-Herzegowina Stürmer 9 Ermedin Demirovic
90%
Deutschland Torhüter 1 Fabian Bredlow
90%
Deutschland/Türkei Mitttelfeld 16 Atakan Karazor
88%
Frankreich/Martinique Mitttelfeld 8 Enzo Millot
88%
Deutschland Stürmer 27 Chris Führich
85%
Schweiz Mitttelfeld 32 Fabian Rieder
82%
Frankreich/Elfenbeinküste Abwehr 23 Dan-Axel Zagadou
80%
Deutschland/ Ghana Stürmer 18 Jamie Leweling
80%
Deutschland Stürmer 11 Nick Woltemade
79%
Deutschland/Elfenbeinküste Abwehr 4 Josha Vagnoman
78%
Deutschland/Rumänien Torhüter 41 Dennis Seimen
77%
Japan/USA Abwehr 45 Anrie Chase
74%
Deutschland Abwehr 15 Pascal Stenzel
74%
Mali/ Elfenbeinküste Stürmer 10 El Bilal Touré
72%
Schweiz/Griechenland Abwehr 20 Leonidas Stergiou
70%
Niederlande Abwehr 3 Ramon Hendriks
66%
Deutschland Mitttelfeld 5 Yannik Keitel
64%
Frankreich Abwehr 29 Anthony Rouault
63%
Dänemark/Gahna Mitttelfeld 28 Nikolas Nartey
56%
Deutschland/Griechenland Stürmer 22 Thomas Kastanaras
49%
Deutschland/Ghana Stürmer 17 Justin Diehl
47%
Dänemark/Afghanistan Stürmer 19 Wahid Faghir
46%
Deutschland/Serbien Torhüter 21 Stefan Drljaca
41%
Deutschland Stürmer 40 Luca Raimund
35%
Deutschland Abwehr 13 Frans Krätzig
33%
Belgien/ Irak Abwehr 2 Ameen Al-Dakhil
32%
Keine übereinstimmenden Quizze gefunden
Verteilung der Resultate
Anzahl Personen mit jedem Resultat
Perzentil nach korrekt beantworteten Fragen
Ihre Resultats-Entwicklung
Sie haben dieses Quiz seit der letzten Aktualisierung nicht gespielt